Estadísticas para 15 principales países afectados por Covid19 - 15 septiembre

Haz click aquí para intentar la prueba.

Estadísticas generales

  • Esta prueba ha sido intentada 7 veces
  • La puntuación promedio es 15 de 24

Estadísticas de respuestas

país% Correcto
Argentina
100%
Brasil
100%
Colombia
100%
España
100%
Estados Unidos
100%
Francia
100%
India
100%
México
100%
Reino Unido
100%
Rusia
86%
Chile
71%
Chile
71%
Irán
71%
Perú
71%
Sudáfrica
43%
Baréin
29%
Catar
29%
Israel
29%
Kuwait
29%
Panamá
29%
Armenia
14%
Bangladés
14%
Omán
14%
Costa Rica
0%

Distribución de puntuación

Porcentaje por número respondido

Porcentaje de gente con cada puntuación

Historial de tus puntuaciones

No has intentado esta prueba.